000 00253nam a2200097Ia 4500
001 725672
005 20250826163414.0
008 250824s9999 xx 000 0 und d
245 0 _aATLI KARINCA
_cYazar Adı Belirtilmemiş
260 _bATLI KARINCA YAYINLARI
999 _c725672
_d725672